| 000 | 01471nam a2200265Ia 4500 | ||
|---|---|---|---|
| 001 | 10568 | ||
| 003 | GE_BSU | ||
| 008 | 181216s||||||||xx |||||||||||||| ||und|| | ||
| 020 | _a9789941180996 | ||
| 040 | _cGE_BSU | ||
| 080 | _a316.32 + 005.91 + 352 + 35.08 + 336.14 + 005.95/96 | ||
| 100 | _aდენჰარტი,რობერტ ბ.; ჯენეტ ვ.დენჰარტი | ||
| 245 | _aსაჯარო მართვა:მოქმედების კურსი | ||
| 245 | _cმთარგმნ. ნინო კვირკველია; რედ.: ნინო ჭიაბრიშვილი, ეკატერინე მახარაშვილი.სამეცნ.რედ. არჩილ აბაშიძე | ||
| 260 | _aთბილისი | ||
| 260 | _bილიას სახელმწიფო უნ-ტი | ||
| 260 | _c2012 | ||
| 300 | _a706გვ.;22სმ. | ||
| 300 | _eგლოსარიუმი: გვ. 675-686.ინდექსი: გვ. 687-706.ქეისების დანართი: გვ. 632-674. | ||
| 541 | _h38ლ.90თ. | ||
| 653 | _aადმინისტრაციული ორგანიზაციები; | ||
| 653 | _aპერსონალის მართვა | ||
| 653 | _aპიროვნების როლი საჯარო ორგანიზაციებში; საჯარო მართვა; | ||
| 942 | _cBK | ||
| 999 |
_c43823 _d43823 |
||